000 00649nam a2200265Ia 4500
005 20260121170012.0
008 008 260114s9999 xx 000 0 eng d
020 _a9789811049743
037 _aEBOOK
040 _aCRL
040 _beng
040 _cCRL
041 _2eng
041 _aeng
084 _qCRL
100 _aWenzhao Tao
_91058610
245 4 _aThe US Policy Making Process for Post Cold War China
260 _bSpringer
260 _bSpringer
260 _c2018
856 _uhttps://link.springer.com/openurl?genre=book&isbn=978-981-10-4974-3
942 _cEBOOK
999 _c1624339
_d1624339